000 00294nam a2200109Ia 4500
008 220204s9999 xx 000 0 und d
082 _a621.86(035)
_bNAG
245 0 _aMaterial handling handbook
260 _aSecunderabad
_bAssociate (Data) Publishers
_c1995
700 _aNagaraj, J
942 _cBK
999 _c40785
_d40785